Movies Quiz

Random Movies or Quote Quiz

AFI Top 100 Quotes Quiz Stats

 Plays Quiz Updated Sep 27, 2019

Score 0/100 Timer 15:00
2 Plays Today
Quote Movie % Correct
Toto, I've a feeling we're not in Kansas anymore.The Wizard of Oz
96.1%
May the force be with you.Star Wars
94.5%
I'm going to make him an offer he can't refuse.The Godfather
93%
Frankly, my dear, I don't give a damn.Gone With the Wind
92.9%
ET phone home.ET
92.7%
Mama always said life was like a box of chocolates. You never know what you're gonna get.Forrest Gump
87.9%
I'll be back.The Terminator
87.4%
There's no place like home.The Wizard of Oz
86.8%
Here's looking at you, kid.Casablanca
85.3%
I see dead people.The Sixth Sense
85.3%
Houston, we have a problem.Apollo 13
85%
You're gonna need a bigger boat.Jaws
83.9%
A census taker once tried to test me. I ate his liver with some fava beans and a nice Chianti.The Silence of the Lambs
83.8%
Here's Johnny!The Shining
79.9%
Bond. James Bond.Dr No
79.7%
My precious.Lord of the Rings The Two Towers
78.4%
You talking to me?Taxi Driver
78.2%
Get your stinking paws off me, you damned dirty ape.Planet of the Apes
78.1%
Mrs. Robinson, you're trying to seduce me. Aren't you?The Graduate
77.8%
I love the smell of napalm in the morning.Apocalypse Now
77.7%
I'll get you, my pretty, and your little dog, too!The Wizard of Oz
76.9%
If you build it, he will come.Field of Dreams
76.8%
Say 'hello' to my little friend!Scarface
76%
I'm the king of the world!Titanic
76%
Yo, Adrian!Rocky
75.9%
I'll have what she's having.When Harry Met Sally
75.7%
Surely you can't be serious. I am serious... and don't call me Shirley.Airplane
75.3%
It's alive! It's alive!Frankenstein
75.3%
RosebudCitizen Kane
75.2%
You can't handle the truth!A Few Good Men
75.2%
Show me the money!Jerry Maguire
75.1%
Elementary, my dear Watson.The Adventures of Sherlock Holmes
73.7%
Nobody puts Baby in a corner.Dirty Dancing
73.7%
Play it, Sam. Play 'As Time Goes By.'Casablanca
73.6%
Quote Movie % Correct
Of all the gin joints in all the towns in all the world, she walks into mine.Casablanca
73.5%
You've got to ask yourself one question: 'Do I feel lucky?' Well, do ya, punk?Dirty Harry
73.1%
There's no crying in baseball!A League of Their Own
71.4%
A boy's best friend is his mother.Psycho
71.1%
Hasta la vista, baby.Terminator 2
70.3%
Oh, no, it wasn't the airplanes. It was beauty killed the beast.King Kong
69.3%
Toga! Toga!Animal House
69%
Forget it, Jake, it's Chinatown.Chinatown
68.7%
Open the pod bay doors, HAL.2001 A Space Odyssey
68.1%
Greed, for lack of a better word, is good.Wall Street
66.3%
A martini. Shaken, not stirred.Goldfinger
66.2%
You don't understand! I coulda had class. I coulda been a contender. I could've been somebody, instead of a bum, which is what I am.On the Waterfront
66.1%
You had me at 'hello.'Jerry Maguire
65.4%
Louis, I think this is the beginning of a beautiful friendship.Casablanca
64.5%
We'll always have Paris.Casablanca
63.9%
Stella! Hey, Stella!A Streetcar Named Desire
62%
Gentlemen, you can't fight in here! This is the War Room!Dr Strangelove
60.5%
Carpe diem. Seize the day, boys. Make your lives extraordinary.Dead Poets Society
59.3%
I feel the need--the need for speed!Top Gun
59.2%
Soylent Green is people!Soylent Green
57%
They're here!Poltergeist
56.7%
We rob banks.Bonnie and Clyde
56.3%
What we've got here is failure to communicate.Cool Hand Luke
54.7%
Cinderella story. Outta nowhere. A former greenskeeper, now about to become the Masters champion. It looks like a mirac...It's in the hole! It's in the hole!Caddyshack
54.5%
All right, Mr. DeMille, I'm ready for my close-up.Sunset Boulevard
54.2%
Shane. Shane. Come back!Shane
54.1%
As God is my witness, I'll never be hungry again.Gone With the Wind
52.6%
After all, tomorrow is another day!Gone With the Wind
51.8%
Love means never having to say you're sorry.Love Story
50.6%
I'm as mad as hell, and I'm not going to take this anymore!Network
50.6%
Plastics.The Graduate
46.6%
They call me Mister Tibbs!In the Heat of the Night
45.1%
Keep your friends close and your enemies closer.The Godfather Part II
44.7%
I'm walking here! I'm walking here!Midnight Cowboy
43.3%
Quote Movie % Correct
Round up the usual suspects.Casablanca
43%
Today, I consider myself the luckiest man on the face of the earth.The Pride of the Yankees
41.7%
No wire hangers, EVER!Mommie Dearest
40.4%
I have always depended on the kindness of strangers.A Streetcar Named Desire
38.9%
I am big! It's the pictures that got small.Sunset Boulevard
38.8%
Badges? We ain't got no badges! We don't need no badges! I don't have to show you any stinking badges!The Treasure of the Sierra Madre
36.9%
Go ahead, make my day.Sudden Impact
36.6%
Listen to them. Children of the night. What music they make.Dracula
35.5%
Well, nobody's perfect.Some Like It Hot
34.5%
Fasten your seatbelts. It's going to be a bumpy night.All About Eve
32.8%
Attica! Attica!Dog Day Afternoon
31.5%
The stuff that dreams are made of.The Maltese Falcon
26.7%
Wait a minute, wait a minute. You ain't heard nothin' yet!The Jazz Singer
26.2%
La-dee-da, la-dee-da.Annie Hall
24.2%
Snap out of it!Moonstruck
23.9%
Made it, Ma! Top of the world!White Heat
22.4%
Tell 'em to go out there with all they got and win just one for the Gipper.Knute Rockne All American
21.9%
One morning I shot an elephant in my pajamas. How he got in my pajamas I don't know.Animal Crackers
20.4%
Is it safe?Marathon Man
17.9%
Who's on first.The Naughty Nineties
16.2%
Hello, gorgeous.Funny Girl
15.5%
You know how to whistle, don't you Steve? You just put your lips together and blow.To Have and Have Not
14.9%
Listen to me, mister. You're my knight in shining armor. Don't you forget it. You're going to get back on that horse and I'm going to be right behind you... and away we're gonna goOn Golden Pond
14.7%
I want to be alone.Grand Hotel
13.8%
My mother thanks you. My father thanks you. My sister thanks you. And I thank you.Yankee Doodle Dandy
13.7%
Oh, Jerry, don't let's ask for the moon. We have the stars.Now Voyager
12.9%
Mother of mercy, is this the end of Rico?Little Caesar
10.8%
Why don't you come up sometime and see me?She Done Him Wrong
9%
Life is a banquet, and most poor suckers are starving to death!Auntie Mame
8.3%
Sawyer, you're going out a youngster, but you've got to come back a star!42nd Street
8.2%
Well, here's another nice mess you've gotten me into!Sons of the Desert
4.8%
What a dump.Beyond the Forest
3.9%

You're not logged in!

Compare scores with friends on all Sporcle quizzes.
OR
Log In

Sporcle TV

Today on Sporcle TV


Watch our educational content, quiz creation guides, and fun videos on Sporcle TV.

Show Comments

Extras

Top Quizzes Today


Score Distribution

Your Account Isn't Verified!

In order to create a playlist on Sporcle, you need to verify the email address you used during registration. Go to your Sporcle Settings to finish the process.

Report this User

Report this user for behavior that violates our Community Guidelines.

Details: